LEADER 00976nam1 2200349 450 001 990000485540203316 010 $a0-415-09918-8 035 $a0048554 035 $aUSA010048554 035 $a(ALEPH)000048554USA01 035 $a0048554 100 $a20010531d1994----km-y0itay0103----ba 101 $aeng 102 $aGB 105 $a||||||||001yy 200 1 $a<> collected works of Robert Burns 210 $aLondon$cRoutledge$cThoemmes$d1994- 215 $av.$d23 cm 300 $aRipr. facs. dell'ed.: Edinburgh: William Paterson, 1878-1879 410 $12001 676 $a821.6 700 1$aBURNS,$bRobert$042022 801 0$aIT$bsalbc$gISBD 912 $a990000485540203316 951 $aII i A 1023/$bLM$cII i A 959 $aBK 969 $aUMA 979 $aPATTY$b90$c20010531$lUSA01$h1211 979 $c20020403$lUSA01$h1657 979 $aPATRY$b90$c20040406$lUSA01$h1634 996 $aCollected works of Robert Burns$9888259 997 $aUNISA LEADER 01508nam 2200385Ka 450 001 9910695553403321 005 20071026112617.0 035 $a(CKB)5470000002371236 035 $a(OCoLC)82161371 035 $a(EXLCZ)995470000002371236 100 $a20070207d2007 ua 0 101 0 $aeng 181 $ctxt$2rdacontent 182 $cc$2rdamedia 183 $acr$2rdacarrier 200 10$aEstimating the costs of military operations in Iraq$b[electronic resource] $estatement of J. Michael Gilmore, assistant director for national security before the Committee on the Budget, United States Senate 210 1$aWashington, D.C. :$cU.S. Congressional Budget Office,$d[2007] 215 $a7 pages $cdigital, PDF file 300 $aTitle from title screen (viewed on Feb. 6, 2007). 300 $a"February 6, 2007." 517 $aEstimating the costs of military operations in Iraq 606 $aMilitary occupation$xEvaluation 607 $aIraq$xPolitics and government 607 $aUnited States$xMilitary relations$zIraq 607 $aIraq$xMilitary relations$zUnited States 615 0$aMilitary occupation$xEvaluation. 700 $aGilmore$b J. Michael$01410777 712 02$aUnited States.$bCongress.$bSenate.$bCommittee on the Budget. 712 02$aUnited States.$bCongressional Budget Office. 801 0$bGPO 801 1$bGPO 906 $aBOOK 912 $a9910695553403321 996 $aEstimating the costs of military operations in Iraq$93500188 997 $aUNINA